00640 2200241 4500001002100000005001500021035002000036007000300056008004100059020002200100082000800122084001400130100001900144245006600163250001000229260003800239300003200277504002700309600003100336990001100367990001100378990000900389INLIS00000000000328120190607103956 a0010-0619000030ta190607 g 0 ind  a978-602-6348-29-6 a635 a635 KHO m0 aKHOIRUL, Anwar1 aMeraup Untung Melimpah Dengan Berkebun Tomat /cKhoirul Anwar acet.1 aJawa Barat :bVillam Media,c2016 a106 hlm. :bilus. ;c20 cm. aBibliografi : hlm. 107 4aHORTIKULTURA, TANAMAN OBAT a6769 a a6769 b a5947